LEADER 02154nam2-2200433---450- 001 990003606990203316 005 20111228110352.0 010 $a978-92-9207-821-8 035 $a000360699 035 $aUSA01000360699 035 $a(ALEPH)000360699USA01 035 $a000360699 100 $a20111228d2010----km-y0itay0103----ba 101 $aita 102 $aLU 105 $a||||||||001yy 200 1 $aMigliorare le prestazioni di trasporto lungo gli assi ferroviari transeuropei$egli investimenti dell'UE nel settore delle infrastrutture ferroviarie sono stati efficaci?$fCorte dei Conti europea 210 $aLussemburgo$cUfficio delle pubblicazioni dell'Unione europea$d2010 215 $a71 p.$cill.$d30 cm 225 2 $aRelazione speciale$v8/2010 330 $aI volumi di trasporto in Europa dovrebbero continuare a crescere e le ferrovie europee dovranno affrontare sfide importanti. L?infrastruttura ferroviaria transeuropea necessita di sviluppi su larga scala e l?Unione europea ha investito somme significative nell?ambito della politica di coesione e della politica delle reti transeuropee. La corte ha esaminato l?efficacia di tali investimenti nelle infrastrutture. [abstract tratto dalla pubblicazione] 410 1$1001000351941$aRelazione speciale 606 0 $aLinee ferroviarie$xControllo di qualità$yPaesi dell'Unione europea$2BNCF 606 0 $aFerrovie$xInvestimenti$xValutazione$yPaesi dell'Unione europea$2BNCF 676 $a385.094 699 $a10.03$bFerrovie 710 02$aCorte dei conti europea$0541549 801 0$aIT$bsalbc$gISBD 856 4 $uhttp://bookshop.europa.eu/uri?target=EUB:NOTICE:QJAB10007:IT:HTML$4.$zAccesso libero online 856 4 $uhttp://eca.europa.eu$4.$zAccesso libero online 912 $a990003606990203316 951 $aCDE 10.03 (VII)$bCDE 2687$cCDE 10.03$d00151229 959 $aBK 969 $aCDE 979 $aMARIAS$b90$c20111228$lUSA01$h1059 979 $aMARIAS$b90$c20111228$lUSA01$h1102 979 $aMARIAS$b90$c20111228$lUSA01$h1103 996 $aMigliorare le prestazioni di trasporto lungo gli assi ferroviari transeuropei$91137071 997 $aUNISA LEADER 02147nam0 22004573i 450 001 VAN0229588 005 20230605113921.59 017 70$2N$a9783030323455 100 $a20211020d2020 |0itac50 ba 101 $aeng 102 $aCH 105 $a|||| ||||| 200 1 $aOpen Skies$eThe National Radio Astronomy Observatory and Its Impact on US Radio Astronomy$fKenneth I. Kellermann, Ellen N. Bouton, Sierra S. Brandt 210 $aCham$cSpringer$d2020 215 $axxiv, 652 p.$cill.$d24 cm 410 1$1001VAN0161825$12001 $aHistorical & Cultural Astronomy$1210 $aCham [etc.]$cSpringer 500 1$3VAN0229592$aOpen Skies : The National Radio Astronomy Observatory and Its Impact on US Radio Astronomy$91882151 606 $a01-XX$xHistory and biography [MSC 2020]$3VANC021469$2MF 606 $a00A79 (77-XX)$xPhysics [MSC 2020]$3VANC023182$2MF 606 $a85-XX$xAstronomy and Astrophysics [MSC 2020]$3VANC023246$2MF 610 $aOpen Access$9KW:K 610 $aRAO$9KW:K 610 $aRadio Astronomy$9KW:K 610 $aRadio Astronomy in the USAN$9KW:K 610 $aRadio astronomy politics and culture$9KW:K 610 $aRadio telescope construction$9KW:K 610 $aSETI$9KW:K 610 $aSearch for Extraterrestrial Intelligence$9KW:K 620 $aCH$dCham$3VANL001889 700 1$aKellermann$bKenneth I.$3VANV191833$0843490 701 1$aBouton$bEllen N.$3VANV191834$0843491 701 1$aBrandt$bSierra$3VANV191836$0843492 712 $aSpringer $3VANV108073$4650 801 $aIT$bSOL$c20240614$gRICA 856 4 $uhttp://doi.org/10.1007/978-3-030-32345-5$zE-book ? Accesso al full-text attraverso riconoscimento IP di Ateneo, proxy e/o Shibboleth 899 $aBIBLIOTECA DEL DIPARTIMENTO DI MATEMATICA E FISICA$1IT-CE0120$2VAN08 912 $fN 912 $aVAN0229588 950 $aBIBLIOTECA DEL DIPARTIMENTO DI MATEMATICA E FISICA$d08CONS e-book 4312 $e08eMF4312 20211020 996 $aOpen Skies : The National Radio Astronomy Observatory and Its Impact on US Radio Astronomy$91882151 997 $aUNICAMPANIA